| 000 | 00636nam a2200193 a 4500 | ||
|---|---|---|---|
| 005 | 20241129063738.0 | ||
| 008 | 991125s2000 ve 000 0 spa u | ||
| 035 | _aUPN01000058877 | ||
| 049 | _aI | ||
| 050 | 4 |
_aPQ8179 P6 _bD4.6 |
|
| 100 | 1 |
_aPombo, Rafael, _d1833-1912 _935580 |
|
| 245 | 1 | 0 |
_aDesventuras de Tío Conejo : _blos peligros de la urbe / _cRafael Pombo ; il. Francisco Cuero. |
| 260 |
_aSan Cristóbal, Ven. : _bLecturas Felices, _c[2000?]. |
||
| 300 |
_a16 p. : _bil. col. |
||
| 440 | 0 | _aRafael Pombo | |
| 650 | 0 |
_aCuentos infantiles colombianos _94407 |
|
| 650 | 4 |
_aConejos _vCuentos y leyendas _922085 |
|
| 905 | _aInfantil | ||
| 999 |
_c58877 _d58877 |
||